Movies Quiz

Random Movies or Animation Quiz

Disney Song Mania Quiz Stats

Quiz Updated Jan 8, 2013

Challenge
Share
Tweet
Embed
Score 0/64 Timer 08:00
0 Plays Today
% Correct
The Lion King
88.9%
The Little Mermaid
88.7%
Beauty and the Beast
85.4%
Lady and the Tramp
83.3%
Circle of Life
80.9%
Pocahontas
80.2%
Mulan
77.8%
Hakuna Matata
77.8%
Dumbo
77.6%
Be Our Guest
76.9%
Under the Sea
75.6%
Colors of the Wind
74.9%
Kiss the Girl
73.2%
Can You Feel the Love Tonight?
71.2%
Alice in Wonderland
70.5%
Princess and the Frog
68.1%
The Hunchback of N.D.
67.8%
Pinocchio
66.3%
Cinderella
64.9%
Hercules
64.9%
Aladdin
64.8%
Just Around the Riverbend
62.9%
When You Wish upon a Star
60%
A Whole New World
58.9%
Peter Pan
56.6%
Poor Unfortunate Souls
54.3%
Zero to Hero
53.3%
Go the Distance
53.1%
I'll Make a Man Out of You
48.4%
Friend Like Me
44.7%
You Can Fly!
43.5%
Bella Notte
41.7%
% Correct
Something There
41.7%
He's a Tramp
40.8%
A Dream Is a Wish Your Heart Makes
39.2%
The Un-birthday Song
38.5%
I've Got No Strings
38.3%
I Won't Say (I'm in Love)
36.9%
God Help the Outcasts
36.2%
The Bells of Notre Dame
35.8%
Tangled
35.7%
Almost There
34.6%
One Jump Ahead
33.8%
Baby Mine
33.7%
Honor to Us All
32.9%
Painting the Roses Red
30.9%
The Mob Song
30.1%
Give a Little Whistle
29.3%
A Girl Worth Fighting For
29%
Bibbidi-Bobbidi-Boo
26.2%
The Second Star to the Right
26.2%
When Will My Life Begin?
25.2%
I See the Light
23.7%
When I See an Elephant Fly
22.1%
The Siamese Cat Song
21.6%
Down in New Orleans
21.5%
Pink Elephants on Parade
21.3%
So This Is Love
21%
Steady As the Beating Drum
19.3%
I've Got a Dream
17.6%
What Makes the Red Man Red?
15.8%
The Court of Miracles
15.2%
When We're Human
14.2%
In a World of My Own
14.2%

You're not logged in!

Compare scores with friends on all Sporcle quizzes.
Sign Up with Email
OR
Log In

You Might Also Like...

Show Comments

Extras

Top Quizzes Today


Score Distribution

Your Account Isn't Verified!

In order to create a playlist on Sporcle, you need to verify the email address you used during registration. Go to your Sporcle Settings to finish the process.